| 000 -LEADER |
| fixed length control field |
01020nam a22003257a 4500 |
| 001 - CONTROL NUMBER |
| control field |
882433 |
| 003 - CONTROL NUMBER IDENTIFIER |
| control field |
OSt |
| 005 - DATE AND TIME OF LATEST TRANSACTION |
| control field |
20210427062914.0 |
| 008 - FIXED-LENGTH DATA ELEMENTS--GENERAL INFORMATION |
| fixed length control field |
800813s1982 nyu 000 0 eng |
| 010 ## - LIBRARY OF CONGRESS CONTROL NUMBER |
| LC control number |
80020835 |
| 020 ## - INTERNATIONAL STANDARD BOOK NUMBER |
| International Standard Book Number |
0671438190 |
| 040 ## - CATALOGING SOURCE |
| Original cataloging agency |
DLC |
| Transcribing agency |
DLC |
| Modifying agency |
DLC |
| 043 ## - GEOGRAPHIC AREA CODE |
| Geographic area code |
n-us-ny |
| 050 00 - LIBRARY OF CONGRESS CALL NUMBER |
| Classification number |
PS3562.A755 |
| Item number |
G6 |
| 080 ## - UNIVERSAL DECIMAL CLASSIFICATION NUMBER |
| Universal Decimal Classification number |
821.111 |
| Item number |
L-36 |
| 082 00 - DEWEY DECIMAL CLASSIFICATION NUMBER |
| Classification number |
813/.54 |
| Edition number |
19 |
| 100 1# - MAIN ENTRY--PERSONAL NAME |
| Personal name |
Lathen, Emma. |
| 245 10 - TITLE STATEMENT |
| Title |
Going for the gold / |
| Statement of responsibility, etc. |
Emma Lathen. |
| Remainder of title |
/ by: Pocket Books |
| 260 ## - PUBLICATION, DISTRIBUTION, ETC. |
| Place of publication, distribution, etc. |
New York |
| Name of publisher, distributor, etc. |
Pocket Books |
| Date of publication, distribution, etc. |
c1981. |
| 300 ## - PHYSICAL DESCRIPTION |
| Extent |
238 p. |
| Dimensions |
22 cm. |
| 650 #0 - SUBJECT ADDED ENTRY--TOPICAL TERM |
| Topical term or geographic name entry element |
Thatcher, John Putnam (Fictitious character) |
| Form subdivision |
Fiction. |
| 650 #0 - SUBJECT ADDED ENTRY--TOPICAL TERM |
| Topical term or geographic name entry element |
English literature |
| 9 (RLIN) |
254 |
| 650 #0 - SUBJECT ADDED ENTRY--TOPICAL TERM |
| Topical term or geographic name entry element |
Bankers |
| Form subdivision |
Fiction. |
| 651 #0 - SUBJECT ADDED ENTRY--GEOGRAPHIC NAME |
| Geographic name |
New York (N.Y.) |
| Form subdivision |
Fiction. |
| 651 #0 - SUBJECT ADDED ENTRY--GEOGRAPHIC NAME |
| Geographic name |
Wall Street (New York, N.Y.) |
| Form subdivision |
Fiction. |
| 653 ## - INDEX TERM--UNCONTROLLED |
| Uncontrolled term |
ინგლისური ლიტერატურა |
| -- |
პროზა |
| 655 #7 - INDEX TERM--GENRE/FORM |
| Genre/form data or focus term |
Detective and mystery stories. |
| Source of term |
gsafd |
| 906 ## - LOCAL DATA ELEMENT F, LDF (RLIN) |
| a |
7 |
| b |
cbc |
| c |
orignew |
| d |
u |
| e |
ocip |
| f |
19 |
| g |
y-gencatlg |
| 942 ## - ADDED ENTRY ELEMENTS (KOHA) |
| Source of classification or shelving scheme |
|
| Koha item type |
Books |